[Event "Edmonton Dec op"]
[Site "Edmonton CAN"]
[Date "2005.12.22"]
[Round "4"]
[White "Frialde, Arniel"]
[Black "Hughey, Micah"]
[Result "1-0"]
[WhiteElo "2207"]
[BlackElo "1972"]
[PlyCount "101"]
[GameId "2160767910838209"]
[EventDate "2005.12.01"]
[EventType "swiss"]
[EventRounds "5"]
[EventCountry "CAN"]
[SourceTitle "EXT 2008"]
[Source "ChessBase"]
[SourceDate "2007.11.25"]
[SourceVersion "1"]
[SourceVersionDate "2007.11.25"]
[SourceQuality "1"]

1. d4 d5 2. Nf3 c5 3. dxc5 e6 4. c4 Bxc5 5. cxd5 exd5 6. Nc3 Nf6 7. e3 Nc6 8. Be2 d4 9. exd4 Nxd4 10. Nxd4 Qxd4 11. Bb5+ Ke7 12. Qe2+ Be6 13. Be3 Qe5 14. Bxc5+ Qxc5 15. O-O Rhd8 16. Rac1 Rac8 17. h3 Kf8 18. Rfe1 a6 19. Bd3 Qg5 20. Ne4 Qxc1 21. Rxc1 Rxc1+ 22. Kh2 Bf5 23. Nxf6 Bxd3 24. Qd2 Rc7 25. Qa5 Rcd7 26. Nxd7+ Rxd7 27. Qc5+ Ke8 28. Qe5+ Kf8 29. a4 h6 30. f4 Bb1 31. f5 f6 32. Qc5+ Ke8 33. Qc4 Kd8 34. g4 Re7 35. b4 Be4 36. b5 axb5 37. axb5 Kd7 38. h4 Ke8 39. Qg8+ Kd7 40. Qb8 Bd5 41. Qf8 Be4 42. Kg3 Bd3 43. b6 Be4 44. Kf4 Bc6 45. g5 hxg5+ 46. hxg5 fxg5+ 47. Kxg5 Bd5 48. Kg6 Bc6 49. Qb8 Re4 50. Kxg7 Re7+ 51. Kf6 1-0

[Event "Edmonton Dec op"]
[Site "Edmonton CAN"]
[Date "2005.12.22"]
[Round "4"]
[White "Karmali, Hafiz"]
[Black "Khataw, Rahim"]
[Result "1-0"]
[WhiteElo "1961"]
[BlackElo "1705"]
[PlyCount "81"]
[GameId "2160767910838210"]
[EventDate "2005.12.01"]
[EventType "swiss"]
[EventRounds "5"]
[EventCountry "CAN"]
[SourceTitle "EXT 2008"]
[Source "ChessBase"]
[SourceDate "2007.11.25"]
[SourceVersion "1"]
[SourceVersionDate "2007.11.25"]
[SourceQuality "1"]

1. e4 e5 2. Nf3 Nc6 3. Bb5 a6 4. Ba4 Nf6 5. O-O Be7 6. Re1 b5 7. Bb3 O-O 8. c3 d5 9. exd5 Nxd5 10. Nxe5 Nxe5 11. Rxe5 c6 12. d4 Bd6 13. Re1 Qh4 14. g3 Qh3 15. Bxd5 cxd5 16. Qf3 Bg4 17. Qxd5 Rae8 18. Be3 Re6 19. Nd2 Rfe8 20. Qg2 Qh5 21. d5 Re5 22. a4 f5 23. axb5 axb5 24. h4 f4 25. gxf4 R5e7 26. Qg3 Qf5 27. Rec1 Bxf4 28. Qxf4 Qd7 29. Ra6 Rf7 30. Qd6 Qf5 31. Qg3 Be2 32. Rca1 Qxd5 33. Rd6 Qf5 34. Bd4 Qc2 35. Be3 Qxb2 36. Re1 Bh5 37. Rd5 Bg6 38. h5 Bc2 39. Re5 Rd8 40. Bd4 Rff8 41. Re8 1-0

[Event "Edmonton Dec op"]
[Site "Edmonton CAN"]
[Date "2005.12.29"]
[Round "5"]
[White "Hughey, Micah"]
[Black "Karmali, Hafiz"]
[Result "0-1"]
[WhiteElo "1972"]
[BlackElo "1961"]
[PlyCount "84"]
[GameId "2160767738377109"]
[EventDate "2005.12.01"]
[EventType "swiss"]
[EventRounds "5"]
[EventCountry "CAN"]
[SourceTitle "EXT 2008"]
[Source "ChessBase"]
[SourceDate "2007.11.25"]
[SourceVersion "1"]
[SourceVersionDate "2007.11.25"]
[SourceQuality "1"]

1. e4 e6 2. c4 d5 3. exd5 exd5 4. cxd5 Qxd5 5. Nc3 Qd8 6. Bc4 Nc6 7. Nf3 Bg4 8. O-O Bxf3 9. Qxf3 Nf6 10. Bb5 Qd7 11. d4 a6 12. Ba4 b5 13. d5 Ne5 14. Re1 Bd6 15. Bf4 bxa4 16. Bxe5 O-O-O 17. Qd3 Kb7 18. Qc4 Bxe5 19. Rxe5 Rhe8 20. Nxa4 Qb5 21. Nc5+ Kb6 22. Na4+ Kb7 23. Qc6+ Qxc6 24. dxc6+ Kxc6 25. Rc5+ Kb7 26. Rac1 Re7 27. R5c2 Rd4 28. Nc5+ Kb6 29. Nb3 Rd6 30. Kf1 Nd5 31. Nd4 Re4 32. Ne2 Nb4 33. Ng3 Rf4 34. Rxc7 Nd3 35. R1c4 Rxf2+ 36. Kg1 Rxb2 37. h3 Rg6 38. Kh2 Ne1 39. Rc8 Rxg2+ 40. Kh1 R2xg3 41. Rb8+ Ka7 42. Rb2 Rg1+ {Resigns.} 0-1

[Event "Edmonton June Sectional A"]
[Site "Edmonton CAN"]
[Date "2005.06.11"]
[Round "2"]
[White "Yermolinsky, Alex"]
[Black "Rekhson, Vladislav"]
[Result "1-0"]
[WhiteElo "2609"]
[BlackElo "2137"]
[PlyCount "51"]
[GameId "2160767910967953"]
[EventDate "2005.06.10"]
[EventType "tourn"]
[EventRounds "5"]
[EventCountry "CAN"]
[WhiteTeam "Canada"]
[BlackTeam "Canada"]
[WhiteTeamCountry "CAN"]
[BlackTeamCountry "CAN"]

1. d4 Nf6 2. c4 c5 3. d5 b5 4. cxb5 a6 5. b6 e6 6. Nc3 exd5 7. Nxd5 Nxd5 8. Qxd5 Nc6 9. Nf3 Rb8 10. e4 Be7 11. Bc4 O-O 12. O-O Rxb6 13. Qh5 Qe8 14. b3 d6 15. Bb2 Be6 16. Nd2 Qd7 17. Bxe6 Qxe6 18. Nc4 Rb7 19. Rad1 Nb4 20. Ne3 Rd8 21. Nf5 Bf6 22. Nxg7 Bxg7 23. Bxg7 Qg6 24. Qh4 Re8 25. Bb2 Qxe4 26. Rfe1 1-0

[Event "Edmonton June Sectional A"]
[Site "Edmonton CAN"]
[Date "2005.06.11"]
[Round "3"]
[White "Rekhson, Vladislav"]
[Black "Gardner, Robert"]
[Result "1-0"]
[WhiteElo "2137"]
[BlackElo "2246"]
[PlyCount "77"]
[GameId "2160767910967954"]
[EventDate "2005.06.10"]
[EventType "tourn"]
[EventRounds "5"]
[EventCountry "CAN"]
[WhiteTeam "Canada"]
[BlackTeam "Canada"]
[WhiteTeamCountry "CAN"]
[BlackTeamCountry "CAN"]

1. e4 c5 2. Nf3 d6 3. d4 cxd4 4. Nxd4 Nf6 5. Nc3 a6 6. Be3 Nc6 7. f3 Bd7 8. Qd2 b5 9. g4 Ne5 10. h4 b4 11. Nd1 e6 12. Nf2 d5 13. g5 Nh5 14. exd5 exd5 15. b3 Bc5 16. O-O-O O-O 17. f4 Ng4 18. Nxg4 Bxg4 19. Be2 Bxe2 20. Nxe2 Rc8 21. Rh3 Qd7 22. Bxc5 Qxh3 23. Bxf8 Rxf8 24. Qxd5 Qxh4 25. Qf3 Nf6 26. gxf6 Qxf6 27. Kb1 a5 28. Qe4 Qa6 29. Ng3 g6 30. f5 a4 31. fxg6 hxg6 32. Qxb4 axb3 33. axb3 Ra8 34. Qd4 Qa2+ 35. Kc1 Rc8 36. Qb2 Qa5 37. Rh1 Rc3 38. Kb1 Qe5 39. Qa1 1-0

[Event "Edmonton June Sectional A"]
[Site "Edmonton CAN"]
[Date "2005.06.12"]
[Round "4"]
[White "Reeve, Jeff"]
[Black "Rekhson, Vladislav"]
[Result "1-0"]
[WhiteElo "2363"]
[BlackElo "2137"]
[PlyCount "51"]
[GameId "2160767910967955"]
[EventDate "2005.06.10"]
[EventType "tourn"]
[EventRounds "5"]
[EventCountry "CAN"]
[WhiteTeam "Canada"]
[BlackTeam "Canada"]
[WhiteTeamCountry "CAN"]
[BlackTeamCountry "CAN"]

1. Nf3 c5 2. e4 e6 3. d4 cxd4 4. Nxd4 a6 5. Nc3 b5 6. Bd3 Bb7 7. O-O Qc7 8. Qe2 Nc6 9. Nxc6 Bxc6 10. a4 b4 11. Nd5 Bxd5 12. exd5 Bd6 13. dxe6 dxe6 14. Bxa6 Bxh2+ 15. Kh1 Bf4 16. Bb5+ Ke7 17. Qe4 Bxc1 18. Qxa8 Bxb2 19. Rad1 Kf6 20. Qd8+ Qe7 21. Rd7 Qxd8 22. Rxd8 g6 23. a5 e5 24. Rfd1 Bd4 25. R1xd4 exd4 26. a6 1-0

[Event "Edmonton June Sectional B"]
[Site "Edmonton CAN"]
[Date "2005.06.10"]
[Round "1"]
[White "Kuczaj, Chris"]
[Black "Kazakevich, Anastasia"]
[Result "1-0"]
[WhiteElo "1892"]
[BlackElo "2024"]
[PlyCount "71"]
[GameId "2160767910967957"]
[EventDate "2005.06.10"]
[EventType "tourn"]
[EventRounds "5"]
[EventCountry "CAN"]
[WhiteTeam "Canada"]
[BlackTeam "Canada"]
[WhiteTeamCountry "CAN"]
[BlackTeamCountry "CAN"]

1. c4 e6 2. Nc3 d5 3. cxd5 exd5 4. d4 Nf6 5. Bg5 Be7 6. Qc2 O-O 7. e3 Nbd7 8. Bd3 c6 9. Nge2 h6 10. Bh4 Nh5 11. Bxe7 Qxe7 12. h3 Nhf6 13. g4 Re8 14. Ng3 c5 15. O-O-O c4 16. Nf5 Qf8 17. Be2 g6 18. Ng3 Nb6 19. Kb1 Bd7 20. Ka1 Qb4 21. Bf3 Bc6 22. Qd2 Na4 23. e4 Nxc3 24. bxc3 Qa5 25. e5 Nd7 26. Rc1 Kg7 27. Bd1 Ba4 28. Bxa4 Qxa4 29. f4 Rab8 30. f5 b5 31. Rhg1 Rb6 32. g5 h5 33. f6+ Kg8 34. Nxh5 gxh5 35. g6 Nxf6 36. Qh6 1-0

[Event "Edmonton June Sectional B"]
[Site "Edmonton CAN"]
[Date "2005.06.11"]
[Round "2"]
[White "Haynes, Nicolas"]
[Black "Kuczaj, Chris"]
[Result "1-0"]
[WhiteElo "2054"]
[BlackElo "1892"]
[PlyCount "101"]
[GameId "2160767910967958"]
[EventDate "2005.06.10"]
[EventType "tourn"]
[EventRounds "5"]
[EventCountry "CAN"]
[WhiteTeam "Canada"]
[BlackTeam "Canada"]
[WhiteTeamCountry "CAN"]
[BlackTeamCountry "CAN"]

1. d4 Nf6 2. Bg5 Ne4 3. Bf4 c5 4. f3 Qa5+ 5. c3 Nf6 6. Nd2 cxd4 7. Nb3 Qb6 8. Qxd4 Nc6 9. Qxb6 axb6 10. Nd4 Nxd4 11. cxd4 Nd5 12. Bd2 e6 13. Rc1 Bb4 14. a3 Bxd2+ 15. Kxd2 Ne7 16. Rc3 Nc6 17. e3 Kd8 18. Rb3 Kc7 19. Bd3 d6 20. Ne2 Bd7 21. e4 Ra5 22. Rc1 Rc8 23. Nc3 Kb8 24. Nb5 d5 25. e5 g6 26. Ke3 Na7 27. Rxc8+ Nxc8 28. h4 Bc6 29. g4 h6 30. Nc3 Ne7 31. Rxb6 Kc7 32. Rb3 Ra8 33. Nb5+ Bxb5 34. Bxb5 Nc6 35. Rc3 Kb6 36. Bd3 Rc8 37. f4 Rg8 38. Rc5 Rd8 39. Rc3 Rg8 40. Bc2 g5 41. fxg5 hxg5 42. h5 f6 43. exf6 Rf8 44. Ba4 Rxf6 45. Bxc6 bxc6 46. Rc2 Rf4 47. Rg2 Rf6 48. Rf2 Rh6 49. Rf8 e5 50. dxe5 Re6 51. Kd4 1-0

[Event "Edmonton June Sectional B"]
[Site "Edmonton CAN"]
[Date "2005.06.11"]
[Round "3"]
[White "Kazakevich, Anastasia"]
[Black "Haynes, Nicolas"]
[Result "1-0"]
[WhiteElo "2024"]
[BlackElo "2054"]
[PlyCount "105"]
[GameId "2160767910967960"]
[EventDate "2005.06.10"]
[EventType "tourn"]
[EventRounds "5"]
[EventCountry "CAN"]
[WhiteTeam "Canada"]
[BlackTeam "Canada"]
[WhiteTeamCountry "CAN"]
[BlackTeamCountry "CAN"]

1. d4 e6 2. c4 f5 3. Nc3 d5 4. e3 Nf6 5. b3 c6 6. g3 Bd6 7. Bb2 O-O 8. Bg2 g5 9. h4 g4 10. Nge2 b6 11. Rc1 Ba6 12. cxd5 Nxd5 13. O-O Nd7 14. Re1 Nb4 15. Ba3 Rc8 16. e4 c5 17. dxc5 Bxc5 18. Nf4 Nd3 19. Nxd3 Bxa3 20. Rc2 Nf6 21. Nf4 Qxd1 22. Rxd1 fxe4 23. Nxe6 Rfe8 24. Nf4 Bb4 25. Nxe4 Nxe4 26. Bxe4 Rxc2 27. Bxc2 Bb7 28. Nd5 Bxd5 29. Rxd5 Re2 30. Bd3 Rxa2 31. Rg5+ Kf7 32. Rxg4 Bc5 33. Bc4+ Kf6 34. Rf4+ Kg7 35. Kg2 Rc2 36. Rf7+ Kg6 37. Bd3+ Kxf7 38. Bxc2 h6 39. g4 Be7 40. Kg3 a5 41. f4 Kg7 42. g5 hxg5 43. hxg5 Bc5 44. f5 Be3 45. Kg4 Bd4 46. Kf4 b5 47. f6+ Kf7 48. Kf5 Kg8 49. g6 Bc5 50. g7 Kh7 51. Kg5+ Kg8 52. Kg6 Bd4 53. f7# 1-0

[Event "Edmonton June Sectional B"]
[Site "Edmonton CAN"]
[Date "2005.06.11"]
[Round "3"]
[White "Kuczaj, Chris"]
[Black "Hughey, Micah"]
[Result "1/2-1/2"]
[WhiteElo "1892"]
[BlackElo "2057"]
[PlyCount "66"]
[GameId "2160767910967961"]
[EventDate "2005.06.10"]
[EventType "tourn"]
[EventRounds "5"]
[EventCountry "CAN"]
[WhiteTeam "Canada"]
[BlackTeam "Canada"]
[WhiteTeamCountry "CAN"]
[BlackTeamCountry "CAN"]

1. c4 e6 2. Nf3 d5 3. b3 c5 4. Bb2 Nc6 5. g3 Nf6 6. Bg2 Be7 7. O-O O-O 8. d3 a6 9. Nbd2 b5 10. e3 Bb7 11. Qe2 Qb6 12. Rab1 Rfd8 13. a3 a5 14. Ne5 Nxe5 15. Bxe5 dxc4 16. dxc4 Bxg2 17. Kxg2 b4 18. a4 Nd7 19. Ba1 Bf6 20. Rfd1 Bxa1 21. Rxa1 Ne5 22. Nf1 g6 23. f3 h5 24. h3 Kf8 25. Rxd8+ Rxd8 26. Rd1 Ke7 27. Kf2 Rxd1 28. Qxd1 Qd6 29. Qxd6+ Kxd6 30. Ke2 f5 31. Nd2 g5 32. f4 Nf7 33. h4 g4 1/2-1/2

[Event "Edmonton June Sectional B"]
[Site "Edmonton CAN"]
[Date "2005.06.12"]
[Round "4"]
[White "Yearwood, Roy"]
[Black "Haynes, Nicolas"]
[Result "1-0"]
[WhiteElo "2079"]
[BlackElo "2054"]
[PlyCount "114"]
[GameId "2160767910967962"]
[EventDate "2005.06.10"]
[EventType "tourn"]
[EventRounds "5"]
[EventCountry "CAN"]
[WhiteTeam "Canada"]
[BlackTeam "Canada"]
[WhiteTeamCountry "CAN"]
[BlackTeamCountry "CAN"]

1. e4 e5 2. Nc3 Nf6 3. f4 d5 4. fxe5 Nxe4 5. Qf3 Nxc3 6. bxc3 c5 7. Qg3 Nc6 8. Nf3 Bf5 9. d3 Bg6 10. Rb1 b6 11. Be2 Be7 12. O-O O-O 13. Bd2 Rc8 14. Rbe1 d4 15. c4 Nb4 16. Bxb4 cxb4 17. Kh1 b5 18. Qg4 bxc4 19. dxc4 Bxc2 20. Nxd4 h5 21. Qf4 Bg5 22. Qf2 Bg6 23. Nf5 Bxf5 24. Qxf5 g6 25. Qe4 Qe7 26. Bf3 Rfe8 27. Qe2 Rf8 28. Bd5 Kg7 29. g3 h4 30. Kg2 Rc7 31. Qg4 Bd2 32. Re2 Qg5 33. Qf3 Bc3 34. e6 f5 35. Kh1 Rh8 36. g4 fxg4 37. Qe4 Rf8 38. Rxf8 Kxf8 39. Rg2 g3 40. hxg3 hxg3 41. Qf3+ Kg7 42. Rxg3 Qc1+ 43. Kg2 Bd4 44. Rxg6+ Kxg6 45. Qe4+ Kh6 46. Qh4+ Kg6 47. Qe4+ Kh6 48. Qxd4 Rg7+ 49. Kf3 Qh1+ 50. Ke2 Qh2+ 51. Qf2 Qh5+ 52. Kd2 Qg5+ 53. Kc2 Qg6+ 54. Kb3 Qb1+ 55. Ka4 Qd1+ 56. Ka5 Qc1 57. Qh4+ Kg6 1-0

[Event "Edmonton June Sectional B"]
[Site "Edmonton CAN"]
[Date "2005.06.12"]
[Round "5"]
[White "Haynes, Nicolas"]
[Black "Hughey, Micah"]
[Result "1/2-1/2"]
[WhiteElo "2054"]
[BlackElo "2057"]
[PlyCount "27"]
[GameId "2160767910967963"]
[EventDate "2005.06.10"]
[EventType "tourn"]
[EventRounds "5"]
[EventCountry "CAN"]
[WhiteTeam "Canada"]
[BlackTeam "Canada"]
[WhiteTeamCountry "CAN"]
[BlackTeamCountry "CAN"]

1. e4 e5 2. Nf3 Nc6 3. Bb5 a6 4. Ba4 Nf6 5. O-O Be7 6. Re1 b5 7. Bb3 Bb7 8. c3 d5 9. exd5 Nxd5 10. d4 exd4 11. cxd4 O-O 12. Nc3 Nxc3 13. bxc3 Bf6 14. Ba3 1/2-1/2

[Event "Edmonton June Sectional B"]
[Site "Edmonton CAN"]
[Date "2005.06.12"]
[Round "5"]
[White "Kuczaj, Chris"]
[Black "Yearwood, Roy"]
[Result "1/2-1/2"]
[WhiteElo "1892"]
[BlackElo "2079"]
[PlyCount "50"]
[GameId "2160767910967965"]
[EventDate "2005.06.10"]
[EventType "tourn"]
[EventRounds "5"]
[EventCountry "CAN"]
[WhiteTeam "Canada"]
[BlackTeam "Canada"]
[WhiteTeamCountry "CAN"]
[BlackTeamCountry "CAN"]

1. c4 c5 2. Nf3 g6 3. d4 Bg7 4. Nc3 cxd4 5. Nxd4 b6 6. e4 Bb7 7. f3 d6 8. Be3 Nf6 9. Be2 O-O 10. O-O e6 11. Qd2 Nc6 12. Rad1 Nxd4 13. Bxd4 d5 14. cxd5 exd5 15. exd5 Qd6 16. Ne4 Qd8 17. Nxf6+ Bxf6 18. Bxf6 Qxf6 19. d6 Rad8 20. Qd4 Qxd4+ 21. Rxd4 Rfe8 22. Kf2 Rxe2+ 23. Kxe2 Ba6+ 24. Kf2 Bxf1 25. Kxf1 Kg7 1/2-1/2

[Event "Edmonton June Sectional C"]
[Site "Edmonton CAN"]
[Date "2005.06.10"]
[Round "1"]
[White "Pua, Richard"]
[Black "Asquith, Tom"]
[Result "1/2-1/2"]
[WhiteElo "1844"]
[BlackElo "1733"]
[PlyCount "59"]
[GameId "2160767910967966"]
[EventDate "2005.06.10"]
[EventType "tourn"]
[EventRounds "5"]
[EventCountry "CAN"]
[WhiteTeam "Canada"]
[BlackTeam "Canada"]
[WhiteTeamCountry "CAN"]
[BlackTeamCountry "CAN"]

1. d4 e6 2. c4 f5 3. g3 Nf6 4. Bg2 d5 5. Nc3 c6 6. Nf3 Bd6 7. Bf4 Bxf4 8. gxf4 O-O 9. Ne5 Ne4 10. Bxe4 fxe4 11. e3 Nd7 12. Nxd7 Bxd7 13. Qe2 Qa5 14. a3 Be8 15. b4 Qd8 16. c5 Rf5 17. h4 Bh5 18. Qf1 b5 19. Kd2 Bf3 20. Rh2 a5 21. Ne2 axb4 22. axb4 Bxe2 23. Kxe2 Rh5 24. f3 Rxa1 25. Qxa1 Rxh4 26. Rxh4 Qxh4 27. fxe4 Qg4+ 28. Kd3 dxe4+ 29. Kxe4 Qf5+ 30. Kf3 1/2-1/2

[Event "Edmonton June Sectional C"]
[Site "Edmonton CAN"]
[Date "2005.06.11"]
[Round "2"]
[White "Asquith, Tom"]
[Black "Wihnon, Jason"]
[Result "1-0"]
[WhiteElo "1733"]
[BlackElo "1753"]
[PlyCount "101"]
[GameId "2160767910967967"]
[EventDate "2005.06.10"]
[EventType "tourn"]
[EventRounds "5"]
[EventCountry "CAN"]
[WhiteTeam "Canada"]
[BlackTeam "Canada"]
[WhiteTeamCountry "CAN"]
[BlackTeamCountry "CAN"]

1. Nf3 c5 2. c4 Nf6 3. b3 g6 4. Bb2 Bg7 5. g3 O-O 6. Bg2 Nc6 7. O-O d6 8. d3 Rb8 9. Nbd2 Bd7 10. a3 b5 11. Qc2 bxc4 12. bxc4 Qb6 13. Rfb1 Qa6 14. e3 e5 15. Ng5 Ne7 16. Nge4 Rb6 17. Nxf6+ Bxf6 18. Ne4 Bg7 19. Nc3 Rfb8 20. Bc1 e4 21. Rxb6 Rxb6 22. Bxe4 Bc6 23. Bxc6 Nxc6 24. Rb1 Rxb1 25. Nxb1 Qb7 26. Nc3 Qd7 27. Nd5 Qh3 28. Qb3 h5 29. Nf4 Qg4 30. Kg2 Ne5 31. Qb8+ Kh7 32. Qb7 Qf5 33. Qd5 h4 34. d4 cxd4 35. exd4 hxg3 36. hxg3 Qc2 37. dxe5 dxe5 38. Qxf7 Qe4+ 39. Kh2 exf4 40. Qxf4 Qe6 41. Be3 Be5 42. Qh4+ Kg8 43. Bxa7 Bf6 44. Qf4 g5 45. Qb8+ Kg7 46. Qb7+ Kg6 47. Qd5 Qe7 48. Qd3+ Kg7 49. Bd4 g4 50. Bxf6+ Qxf6 51. Qd7+ 1-0

[Event "Edmonton June Sectional C"]
[Site "Edmonton CAN"]
[Date "2005.06.11"]
[Round "3"]
[White "Fokkema, Jerred"]
[Black "Asquith, Tom"]
[Result "0-1"]
[WhiteElo "1753"]
[BlackElo "1733"]
[PlyCount "136"]
[GameId "2160767910967968"]
[EventDate "2005.06.10"]
[EventType "tourn"]
[EventRounds "5"]
[EventCountry "CAN"]
[WhiteTeam "Canada"]
[BlackTeam "Canada"]
[WhiteTeamCountry "CAN"]
[BlackTeamCountry "CAN"]

1. e4 c5 2. Nf3 d6 3. d4 cxd4 4. Nxd4 Nf6 5. Nc3 Nc6 6. Nxc6 bxc6 7. Bc4 e5 8. Bg5 h6 9. Bxf6 Qxf6 10. Qf3 Qxf3 11. gxf3 Be7 12. Rg1 g6 13. O-O-O Bg5+ 14. Kb1 Ke7 15. Bb3 Rd8 16. Ba4 Bb7 17. Ne2 d5 18. c3 Kf8 19. Bc2 a5 20. Rg4 c5 21. h4 Bf6 22. exd5 Bxd5 23. Rxd5 Rxd5 24. Be4 Rd1+ 25. Kc2 Rad8 26. Kb3 Rb8+ 27. Kc2 Rh1 28. f4 Rh2 29. fxe5 Bxh4 30. Rg2 Rxg2 31. Bxg2 Bxf2 32. Nf4 Bg3 33. Nd3 c4 34. Nc5 Re8 35. Bd5 Rc8 36. Nd7+ Ke7 37. Nb6 Rc5 38. Bxc4 Rxe5 39. Nd5+ Kd6 40. Nf6 h5 41. Kd3 h4 42. Ne4+ Ke7 43. Kd4 f6 44. Bf1 Rf5 45. Bh3 Rf3 46. Bg2 Rf4 47. Kd3 g5 48. b4 axb4 49. cxb4 Rf5 50. a4 Re5 51. Kd4 Be1 52. b5 Ba5 53. Bh3 Bb6+ 54. Kd3 Rd5+ 55. Kc2 Rd4 56. Bg2 Rxa4 57. Nc3 Rc4 58. Kb3 Rg4 59. Nd5+ Kd6 60. Bh1 Kc5 61. Nxf6 Rb4+ 62. Kc3 Kxb5 63. Kc2 Rd4 64. Ne4 g4 65. Nc3+ Kc4 66. Ne2 Rd3 67. Nf4 Rc3+ 68. Kd2 Be3+ 0-1

[Event "Edmonton June Sectional C"]
[Site "Edmonton CAN"]
[Date "2005.06.12"]
[Round "4"]
[White "Khataw, Rahim"]
[Black "Asquith, Tom"]
[Result "1-0"]
[WhiteElo "1703"]
[BlackElo "1733"]
[PlyCount "63"]
[GameId "2160767910967969"]
[EventDate "2005.06.10"]
[EventType "tourn"]
[EventRounds "5"]
[EventCountry "CAN"]
[WhiteTeam "Canada"]
[BlackTeam "Canada"]
[WhiteTeamCountry "CAN"]
[BlackTeamCountry "CAN"]

1. e4 c5 2. Nf3 d6 3. d4 cxd4 4. Nxd4 Nf6 5. Nc3 Nc6 6. Be3 e6 7. f3 Be7 8. Qd2 h6 9. g4 Nd7 10. O-O-O O-O 11. Kb1 a6 12. Nxc6 bxc6 13. h4 Ne5 14. Be2 d5 15. f4 Nd7 16. g5 f5 17. exf5 exf5 18. Nxd5 Rb8 19. Nxe7+ Qxe7 20. gxh6 Qf6 21. Bd4 Qxh6 22. Rdg1 Nf6 23. Bxf6 Qxf6 24. b3 Rd8 25. Qa5 Rd5 26. Bc4 Rbb5 27. Bxd5+ cxd5 28. Qc7 Bb7 29. Rh3 d4 30. Rhg3 Kh7 31. Rxg7+ Kh8 32. Rh7# 1-0

[Event "Edmonton June Sectional C"]
[Site "Edmonton CAN"]
[Date "2005.06.12"]
[Round "5"]
[White "Asquith, Tom"]
[Black "Reuter, Gerhard"]
[Result "1-0"]
[WhiteElo "1733"]
[BlackElo "1786"]
[PlyCount "123"]
[GameId "2160767910967970"]
[EventDate "2005.06.10"]
[EventType "tourn"]
[EventRounds "5"]
[EventCountry "CAN"]
[WhiteTeam "Canada"]
[BlackTeam "Canada"]
[WhiteTeamCountry "CAN"]
[BlackTeamCountry "CAN"]

1. Nf3 Nf6 2. c4 g6 3. b3 Bg7 4. Bb2 O-O 5. e3 c5 6. Be2 Nc6 7. O-O d6 8. d4 Bf5 9. a3 e5 10. d5 Ne7 11. b4 Qb6 12. Bc3 Nd7 13. Nfd2 Qc7 14. e4 Bxe4 15. Nxe4 h6 16. bxc5 Nxc5 17. Nxc5 Qxc5 18. Nd2 Nxd5 19. Bb2 Nf4 20. Bf3 Qc7 21. Qb3 Ne6 22. Rac1 Nc5 23. Qe3 f5 24. Bd5+ Kh7 25. Qh3 Rae8 26. Rfd1 Re7 27. Nf3 Bf6 28. Ne1 b6 29. Nf3 Rg7 30. Rc2 Be7 31. Re2 Nd7 32. Be6 Nc5 33. Bc1 Nxe6 34. Bxh6 Qxc4 35. Bxg7+ Kxg7 36. Ree1 Nf4 37. Qg3 Ne2+ 38. Rxe2 Qxe2 39. Re1 Qc4 40. h4 Qg4 41. Qh2 Rh8 42. Nxe5 dxe5 43. Qxe5+ Bf6 44. Qc7+ Kh6 45. Qxa7 Bd4 46. Qe7 Rh7 47. Qf8+ Kh5 48. Qg8 Rh8 49. Qb3 Qxh4 50. g3 Qg4 51. Kg2 Kg5 52. f4+ Kh6 53. Qf7 Bg7 54. Rh1+ Qh5 55. Rxh5+ gxh5 56. Qxf5 Rf8 57. Qg5+ Kh7 58. Qxh5+ Bh6 59. f5 Rf6 60. g4 Kg8 61. Qe8+ Rf8 62. Qe6+ 1-0

[Event "Edmonton June op1"]
[Site "Edmonton CAN"]
[Date "2005.06.03"]
[Round "1"]
[White "Huber, Gregory"]
[Black "Gardner, Robert"]
[Result "1-0"]
[WhiteElo "2221"]
[BlackElo "2185"]
[PlyCount "77"]
[GameId "2160767910968070"]
[EventDate "2005.06.03"]
[EventType "swiss"]
[EventRounds "5"]
[EventCountry "CAN"]
[SourceTitle "EXT 2008"]
[Source "ChessBase"]
[SourceDate "2007.11.25"]
[SourceVersion "1"]
[SourceVersionDate "2007.11.25"]
[SourceQuality "1"]

1. e4 g6 2. d4 Bg7 3. Nc3 d6 4. Be3 a6 5. Qd2 b5 6. h4 h5 7. f3 Bb7 8. O-O-O Nd7 9. Nh3 c5 10. Ng5 c4 11. Be2 Rc8 12. a3 Qb6 13. e5 d5 14. g4 a5 15. gxh5 gxh5 16. f4 b4 17. Nb1 e6 18. f5 Bf8 19. axb4 axb4 20. fxe6 fxe6 21. Rdf1 c3 22. Qd3 cxb2+ 23. Kxb2 Ne7 24. Nf7 Rc3 25. Nd6+ Kd8 26. Nxc3 bxc3+ 27. Kxc3 Nf5 28. Nxb7+ Qxb7 29. Rb1 Qc7+ 30. Kb2 Nxe3 31. Qxe3 Bh6 32. Qb3 Nxe5 33. dxe5 Qxe5+ 34. Qc3 d4 35. Rhd1 Ke7 36. Qa3+ Kf6 37. Rf1+ Bf4 38. Rxf4+ Qxf4 39. Rf1 1-0

[Event "Edmonton June op1"]
[Site "Edmonton CAN"]
[Date "2005.06.03"]
[Round "1"]
[White "Hughey, Micah"]
[Black "Yearwood, Roy"]
[Result "0-1"]
[WhiteElo "2114"]
[BlackElo "2072"]
[PlyCount "84"]
[GameId "2160767910968071"]
[EventDate "2005.06.03"]
[EventType "swiss"]
[EventRounds "5"]
[EventCountry "CAN"]
[SourceTitle "EXT 2008"]
[Source "ChessBase"]
[SourceDate "2007.11.25"]
[SourceVersion "1"]
[SourceVersionDate "2007.11.25"]
[SourceQuality "1"]

1. e4 c5 2. c3 g6 3. d4 Bg7 4. dxc5 Nf6 5. Bd3 Qc7 6. Be3 Na6 7. b4 O-O 8. Na3 d5 9. Nb5 Qd7 10. exd5 Qxd5 11. Nf3 Bg4 12. Be2 Qh5 13. Rc1 Nd5 14. Bd2 Rad8 15. Qb3 Bh6 16. Bxh6 Qxh6 17. O-O Nf4 18. Qc2 Bf5 19. Qb2 Nxe2+ 20. Qxe2 Bd3 21. Qxe7 Bxb5 22. Rfe1 Rd7 23. Qf6 Nc7 24. c4 Ba4 25. Rc3 Ne8 26. Qe5 Rd1 27. Ra3 Rxe1+ 28. Qxe1 Bc6 29. Rxa7 Nf6 30. Qe3 Qxe3 31. fxe3 Rd8 32. b5 Ng4 33. Kf1 Be4 34. c6 bxc6 35. b6 Nxe3+ 36. Ke2 Nxc4 37. b7 c5 38. Ng5 Bd5 39. Nxf7 Rb8 40. Ng5 Bxb7 41. Ne6 Re8 42. Rxb7 Rxe6+ 0-1

[Event "Edmonton June op1"]
[Site "Edmonton CAN"]
[Date "2005.06.03"]
[Round "1"]
[White "Reeve, Jeff"]
[Black "Yermolinsky, Alex"]
[Result "0-1"]
[WhiteElo "2237"]
[BlackElo "2570"]
[PlyCount "58"]
[GameId "2160767910968072"]
[EventDate "2005.06.03"]
[EventType "swiss"]
[EventRounds "5"]
[EventCountry "CAN"]
[SourceTitle "EXT 2008"]
[Source "ChessBase"]
[SourceDate "2007.11.25"]
[SourceVersion "1"]
[SourceVersionDate "2007.11.25"]
[SourceQuality "1"]

1. e4 c5 2. Nf3 e6 3. d4 cxd4 4. Nxd4 a6 5. Nc3 b5 6. Bd3 Qb6 7. Nf3 Nc6 8. O-O Qb8 9. Re1 Bd6 10. Qe2 Ne5 11. Nxe5 Bxe5 12. a4 b4 13. Nd5 Bxh2+ 14. Kh1 Be5 15. Bd2 Nf6 16. f4 Nxd5 17. exd5 Bxf4 18. Rad1 Bxd2 19. Rxd2 O-O 20. Bxh7+ Kxh7 21. Qh5+ Kg8 22. Re4 Qg3 23. Rh4 f6 24. dxe6 dxe6 25. Qh7+ Kf7 26. Qh5+ Qg6 27. Qf3 Ra7 28. Rdd4 Rd7 29. Rdg4 Qxc2 0-1